000 00363nam a2200133Ia 4500
008 240624s9999 xx 000 0 und d
041 _aeng
082 _a658.4012 MAK
100 _aMAKHIJANI NARESH
245 _aCREATING A BALANCED SCORECARD FOR A FINA
260 _c2011
_aSingapore
_bJohn Wiley and Sons
300 _axv, : 239 : p. : cm. ; 23
365 _c
_b27
999 _c17716
_d17716